LEADER 01577nam 2200421 450 001 000017435 005 20051026103018.0 010 $a88-7115-272-7 100 $a20040506d2002----km-y0itay0103----ba 101 0 $aita 102 $aIT 200 1 $aHegel critico e scettico$eilluminismo e repubblicanesimo e antinomia alle origini della dialettica (1785-1800)$fItalo Testa$gpresentazione di Luigi Ruggiu 200 1 $a1 $n0000688 210 $aPadova$c<> Poligrafo$dc2002 215 $a350 p.$d21 cm. 225 2 $aRicerche $v28 410 0$12001$aRicerche 600 1$aHegel,$bGeorg Wilhelm Friedrich 676 $a193$v(21. ed.)$9Filosofia occidentale moderna. Germania e Austria 700 1$aTesta,$bItalo$0287502 702 1$aRuggiu,$bLuigi 801 0$aIT$bUniversità della Basilicata - B.I.A.$gRICA$2unimarc 912 $a000017435 996 $aHegel critico e scettico$985287 997 $aUNIBAS BAS $aLETTERE CAT $aSTD034$b01$c20040506$lBAS01$h1218 CAT $aTROMBONE$b21$c20040511$lBAS01$h1233 CAT $c20050601$lBAS01$h1756 CAT $abatch$b01$c20050718$lBAS01$h1053 CAT $c20050718$lBAS01$h1112 CAT $c20050718$lBAS01$h1142 CAT $c20050718$lBAS01$h1157 CAT $aFCL$b40$c20051026$lBAS01$h0955 CAT $aFCL$b10$c20051026$lBAS01$h1030 CAT $aBATCH$b00$c20070503$lBAS01$h1730 FMT Z30 -1$lBAS01$LBAS01$mBOOK$1BASA1$APolo Storico-Umanistico$2GEN$BCollezione generale$3FP/102355$6102355$5L102355$820040621$f02$FPrestabile Generale